00584nam a2200169 i 450000100060000000300090000600500170001500700030003200800410003510000320007624500590010826000400016730000360020785200320024399900170027595201220029297394ES-MaACL20230906182108.0t|050712s1965 sp ||||1| spa d1 aMarco Sancho, Pablo.97648810a120 circuitos eléctricos / cpor Pablo Marco Sancho. aBarcelona : bGustavo Gili, c1965. a168 p. con 61 lám. ; c15 cm. aES-MaACLjC-28945 bR.58230 c97394d97394 00104070aATENEOMbATENEOMcDEPO2d2008-01-17eSCl0oC-28945p1101673r2023-02-23 00:00:00w2023-02-23yMONOGRAFIA